Countries that Start with P - Sudden Death - Statistics

General Stats
  • This quiz has been taken 233 times
  • The average score is 9 of 9
Answers on the Grid
Answers color-coded by a green-red scale on the quiz's grid according to % correct below.
Pago Pago
Pakistan
Palau
Palikir
Panama
Papua New Guinea
Paraguay
Peru
Philadelphia
Philippines
Phnom Penh
Poland
Polynesia
Port-au-Prince
Portland
Portugal
Prague
Pyongyang
 
Answer Stats
Answer % Correct
Pakistan
99%
Paraguay
98%
Peru
98%
Papua New Guinea
97%
Philippines
97%
Poland
96%
Panama
95%
Portugal
94%
Palau
89%
No matching quizzes found
Score Distribution
Percent of People with Each Score
Percentile by Number Answered
Your Score History
You have not taken this quiz